00414nam a22001697a 450000500170000000800410001702000270005804000090008504100120009408200130010610000270011924500310014625000080017726000280018530000080021365000230022120260423154047.0260423b |||||||| |||| 00| 0 eng d a9783642684593c5390.94 aMAIN aEnglish a551bSCH aScheidegger, Adrian E. aPrinciples of Geodynamics  a3rd aBerlinbSpringer c1982 a395 aGeology (PM USHA)